| 000 | 00709nam a2200301Ia 4500 | ||
|---|---|---|---|
| 005 | 20260401122428.0 | ||
| 008 | 008 250103s9999 xx 000 0 eng d | ||
| 020 | _a9780786432851 | ||
| 037 | _aTB | ||
| 040 | _aEDL | ||
| 040 | _beng | ||
| 040 | _cEDL | ||
| 041 | _2eng | ||
| 041 | _aeng | ||
| 084 | _a959.7043 DUO | ||
| 084 | _qEDL | ||
| 100 |
_aDuong, Van Nguyen _91233588 |
||
| 245 | 0 | _aTragedy of the vietnam war : South vietnamese officer's analysis | |
| 245 | 0 | _cDuong, Van Nguyen | |
| 260 | _aLondon | ||
| 260 | _bMcFarland & company | ||
| 260 | _c2008 | ||
| 300 | _a268p | ||
| 942 | _cTB | ||
| 942 | _h959.7043 DUO | ||
| 999 |
_c1847217 _d1847217 |
||